Kids TV UK 70s 80s 90s - Statistics

General Stats
  • This quiz has been taken 174 times
  • The average score is 6 of 15
Answer Stats
Question Answer % Correct
Who presented Animal Magic from 62-83 on BBC1? JM Johnny Morris
77%
LWT produced a kids show starring a robot, Irene Handl played Gran, the robot loved treats called Atomic Fizzbombs. Name of robot? MM Metal Mickey
77%
Who presented Rainbow? (originally) G Geoffrey
72%
Which Play Away presenter narrated all three parts of Trumptonshire? BC Brian Cant
61%
Who often went to Button Moon? MS Mr Spoon
60%
Who was the main presenter of BBC1s Saturday Superstore? MR Mike Read
58%
There were two dolls in Play School, what were their names? H J Hamble and Jemima
42%
There were three parts of Trumptonshire. Trumpton, Camberwick Green and...? C Chigley
38%
Who narrated the animated series of Roger Hargreaves books, Mr Men? AL Arthur Lowe
32%
Christopher Biggins and Gillian Taylforth presented a kids game on CITV. What was it called? OS On Safari
17%
Granada produced a lunchtime kids show, presented by Maria and Keith, a 'singalong' show. Name it. AHOS A Handful of Songs
11%
Yvette Fielding of Blue Peter fame, starred in a childrens drama on CBBC, set in Blackpool. What was it called? S Seaview
11%
Central TV, 82-85 kids series about a fictional 3rd Division football club. What was the show called? MM Murphy's Mob
9%
Ralph McTell and Nerys Hughes, presented which show on CITV? AZ Alphabet Zoo
8%
What was the name of the caretaker, seen often in Take Hart (Mr...) ? B Mr Bennett
5%
No matching quizzes found
Score Distribution
Percent of People with Each Score
Percentile by Number Answered
Your Score History
You have not taken this quiz